[Event "Swiss Queens Wed #9"]
[Site "FIDE Online Arena INT"]
[Date "2024.03.27"]
[Round "11"]
[White "Hrebenshchykova, Yelyzaveta"]
[Black "Hilario, Aleyla"]
[Result "1-0"]
[WhiteElo "2288"]
[BlackElo "1932"]
[PlyCount "113"]
[EventDate "2024.03.27"]
[EventType "swiss (blitz)"]
[EventRounds "11"]
[EventCountry "NET"]
[SourceTitle "CB14_2024"]
[SourceDate "2024.04.01"]
[SourceVersion "1"]
[SourceVersionDate "2024.04.01"]
[SourceQuality "1"]

1. e4 e6 2. d4 d5 3. Nc3 Bb4 4. e5 c5 5. a3 Bxc3+ 6. bxc3 Qc7 7. Nf3 Nc6 8. h4 Nge7 9. h5 Bd7 10. h6 g6 11. Bg5 Qa5 12. Qd2 Nf5 13. dxc5 Qxc5 14. g4 Nfe7 15. Bf6 Rg8 16. Bg2 0-0-0 17. 0-0 Rde8 18. Ng5 Kb8 19. Nxh7 Nc8 20. Ng5 Nb6 21. h7 Rgf8 22. Qf4 Qxc3 23. Rad1 Nc4 24. Rd3 Qxc2 25. Rh3 Nd2 26. Re1 Ne4 27. Nxe4 dxe4 28. h8Q Rxh8 29. Rxh8 Rxh8 30. Bxh8 Qc3 31. Qxe4 Qxa3 32. Rd1 Bc8 33. Bf6 Qc3 34. Qe3 Qc4 35. Qe4 Qc3 36. Qd3 Qb4 37. Bxc6 bxc6 38. Qd6+ Qxd6 39. exd6 Bd7 40. Bd4 a5 41. Ra1 c5 42. Bxc5 a4 43. f4 Kb7 44. Kf2 Kc6 45. Ba3 Kd5 46. Ke3 f6 47. Rc1 e5 48. fxe5 fxe5 49. g5 Ke6 50. Rc7 Be8 51. Re7+ Kf5 52. Rxe8 Kxg5 53. d7 Kg4 54. d8Q g5 55. Rg8 Kh3 56. Qxg5 e4 57. Rh8# 1-0

[Event "Swiss Queens Wed #8"]
[Site "FIDE Online Arena INT"]
[Date "2024.03.20"]
[Round "6"]
[White "Hrebenshchykova, Yelyzaveta"]
[Black "Doluhanova, Evgeniya"]
[Result "1-0"]
[WhiteElo "2288"]
[BlackElo "2261"]
[PlyCount "61"]
[EventDate "2024.03.20"]
[EventType "swiss (blitz)"]
[EventRounds "11"]
[EventCountry "NET"]
[SourceTitle "CB13_2024"]
[SourceDate "2024.03.27"]
[SourceVersion "1"]
[SourceVersionDate "2024.03.27"]
[SourceQuality "1"]

1. e4 e5 2. Nf3 Nc6 3. Bb5 Nf6 4. d3 Bc5 5. 0-0 d6 6. c3 0-0 7. Bg5 h6 8. Bh4 Bg4 9. Nbd2 g5 10. Bg3 Ne7 11. Re1 c6 12. Ba4 Ng6 13. Nf1 Nh5 14. d4 exd4 15. cxd4 Bb4 16. Re3 d5 17. h3 Nxg3 18. Nxg3 Be6 19. exd5 Bxd5 20. Bc2 Bxf3 21. Rxf3 Nh4 22. Rb3 Qe7 23. Qh5 Kg7 24. Rf1 Bd6 25. Nf5+ Nxf5 26. Bxf5 Rab8 27. g3 Qf6 28. Bc2 Rfe8 29. Rf3 Qe6 30. Bb3 Qg6 31. Rxf7+ 1-0

[Event "Swiss Queens Wed #8"]
[Site "FIDE Online Arena INT"]
[Date "2024.03.20"]
[Round "10"]
[White "Hrebenshchykova, Yelyzaveta"]
[Black "Rudzinska, Michalina"]
[Result "0-1"]
[WhiteElo "2288"]
[BlackElo "2302"]
[PlyCount "120"]
[EventDate "2024.03.20"]
[EventType "swiss (blitz)"]
[EventRounds "11"]
[EventCountry "NET"]
[SourceTitle "CB13_2024"]
[SourceDate "2024.03.27"]
[SourceVersion "1"]
[SourceVersionDate "2024.03.27"]
[SourceQuality "1"]

1. e4 c6 2. d4 d5 3. e5 Bf5 4. h4 h5 5. Bd3 Bxd3 6. Qxd3 Qa5+ 7. Nd2 e6 8. Ngf3 Ne7 9. 0-0 Nf5 10. Nb3 Qa6 11. Qc3 Nd7 12. a4 Rc8 13. Bg5 c5 14. Qd2 c4 15. Nc1 Be7 16. Bxe7 Nxe7 17. Ne2 Nf5 18. c3 g6 19. Ng3 Qb6 20. a5 Qd8 21. Qf4 Nf8 22. Rfe1 Rc6 23. Ng5 Qe7 24. Ra4 Kd7 25. Rb4 Kc8 26. b3 cxb3 27. Rxb3 Nh7 28. Nf3 Rg8 29. Reb1 Rc7 30. Nxf5 gxf5 31. Qh6 Nf8 32. Qxh5 Ng6 33. Qg5 Qe8 34. Qf6 Nf4 35. Qh6 Nxg2 36. Kf1 Rg6 37. Qd2 Rg4 38. h5 Qg8 39. Qb2 Kd7 40. Rxb7 Qc8 41. Qb5+ Kd8 42. Rxc7 Qxc7 43. Qb8+ Qxb8 44. Rxb8+ Kc7 45. Rf8 Nf4 46. Rxf7+ Kc6 47. h6 Rg6 48. h7 Rh6 49. Ke1 a6 50. Kd2 Nh3 51. Ke2 Kb5 52. Re7 Kxa5 53. Nd2 Kb5 54. Kf3 Rxh7 55. Rg7 Rxg7 56. Ke2 Ng5 57. f4 Ne4 58. Nf3 Rg3 59. Ng5 Nxg5 60. fxg5 Rxg5 0-1

[Event "Swiss Queens Wed #8"]
[Site "FIDE Online Arena INT"]
[Date "2024.03.20"]
[Round "9"]
[White "Mora Velasco, Alma Jaqueline"]
[Black "Hrebenshchykova, Yelyzaveta"]
[Result "0-1"]
[WhiteElo "1859"]
[BlackElo "2288"]
[PlyCount "128"]
[EventDate "2024.03.20"]
[EventType "swiss (blitz)"]
[EventRounds "11"]
[EventCountry "NET"]
[SourceTitle "CB13_2024"]
[SourceDate "2024.03.27"]
[SourceVersion "1"]
[SourceVersionDate "2024.03.27"]
[SourceQuality "1"]

1. e4 c5 2. d4 cxd4 3. c3 d5 4. exd5 Qxd5 5. cxd4 Nf6 6. Nc3 Qd6 7. Nf3 e6 8. Nb5 Qd8 9. Bf4 Bb4+ 10. Bd2 Bxd2+ 11. Qxd2 Nc6 12. Bc4 0-0 13. 0-0 b6 14. Qf4 a6 15. Nc3 Nb4 16. Ne5 Bb7 17. a3 Nbd5 18. Qh4 Rc8 19. Bd3 Nxc3 20. bxc3 Rxc3 21. Rad1 g6 22. Rfe1 Nd5 23. Qh6 Qf6 24. Re3 Nxe3 25. fxe3 Qg7 26. Qh4 f6 27. Ng4 h5 28. Nf2 Rfc8 29. Be4 Bxe4 30. Nxe4 Rc1 31. Rxc1 Rxc1+ 32. Kf2 Qf7 33. Kg3 Kg7 34. Qf4 Qc7 35. Nd6 g5 36. Ne8+ Kf7 37. Qxc7+ Rxc7 38. Nxc7 a5 39. Na8 b5 40. Kf2 Ke7 41. Ke2 Kd6 42. Nb6 Kc7 43. Na8+ Kb7 44. Kd2 Kxa8 45. Kc3 Kb7 46. e4 Kc6 47. g3 Kd6 48. h3 f5 49. Kd3 fxe4+ 50. Kxe4 b4 51. axb4 axb4 52. Kd3 Kd5 53. g4 hxg4 54. hxg4 b3 55. Kc3 b2 56. Kxb2 Kxd4 57. Kc2 Ke4 58. Kd2 Kf4 59. Ke2 Kxg4 60. Kf2 Kf4 61. Kg2 e5 62. Kf2 e4 63. Kg2 Ke3 64. Kg3 Kd2 0-1

[Event "Swiss Queens Wed #7"]
[Site "FIDE Online Arena INT"]
[Date "2024.03.13"]
[Round "11"]
[White "Bauyrzhan, Arnash"]
[Black "Hrebenshchykova, Yelyzaveta"]
[Result "1-0"]
[WhiteElo "2029"]
[BlackElo "2288"]
[PlyCount "107"]
[EventDate "2024.03.13"]
[EventType "swiss (blitz)"]
[EventRounds "11"]
[EventCountry "NET"]
[SourceTitle "CB12_2024"]
[SourceDate "2023.10.01"]
[SourceVersion "1"]
[SourceVersionDate "2023.10.01"]
[SourceQuality "1"]

1. e4 c5 2. Nf3 e6 3. d4 cxd4 4. Nxd4 Nc6 5. Nxc6 bxc6 6. Bd3 e5 7. 0-0 Nf6 8. c4 Bc5 9. Nc3 d6 10. h3 h6 11. Qf3 0-0 12. Be3 Nd7 13. Rad1 Qe7 14. b3 Bxe3 15. Qxe3 Nc5 16. Bc2 a5 17. Ne2 Re8 18. Rd2 Ba6 19. Rfd1 Rad8 20. Qc3 Qc7 21. Ng3 g6 22. Ne2 Ne6 23. Qe3 Kg7 24. f4 exf4 25. Nxf4 Qe7 26. e5 Nxf4 27. Qxf4 dxe5 28. Qe4 Rxd2 29. Rxd2 Bb7 30. Kh2 f5 31. Qe3 Qe6 32. c5 Re7 33. Rd6 Qf7 34. Bd3 e4 35. Bc4 Qf8 36. Qd4+ Kh7 37. Rd8 Re8 38. Qd7+ Re7 39. Qd6 Qg7 40. Bg8+ Kh8 41. Bf7+ Kh7 42. Qxe7 h5 43. Qxb7 f4 44. Bg8+ Kh6 45. Qxg7+ Kxg7 46. Bc4 Kf6 47. Re8 Kf5 48. Kg1 g5 49. Kf2 g4 50. hxg4+ hxg4 51. Rf8+ Ke5 52. Ke2 Kd4 53. Rxf4 Kxc5 54. Rxe4 1-0

[Event "Swiss Queens Wed #6"]
[Site "FIDE Online Arena INT"]
[Date "2024.03.06"]
[Round "1"]
[White "Hrebenshchykova, Yelyzaveta"]
[Black "Alaa, Dema"]
[Result "1-0"]
[WhiteElo "2288"]
[BlackElo "1843"]
[PlyCount "83"]
[EventDate "2024.03.06"]
[EventType "swiss (blitz)"]
[EventRounds "11"]
[EventCountry "NET"]
[SourceTitle "CB11_2024"]
[SourceDate "2024.03.13"]
[SourceVersion "1"]
[SourceVersionDate "2024.03.13"]
[SourceQuality "1"]

1. e4 c5 2. Nf3 d6 3. d4 cxd4 4. Nxd4 Nf6 5. Nc3 g6 6. Bc4 Bg7 7. 0-0 0-0 8. Re1 Nc6 9. Nb3 Bd7 10. Nd5 Ne5 11. Bf1 Bc6 12. Bg5 Bxd5 13. exd5 h6 14. Bf4 Ned7 15. Qd2 Kh7 16. c4 Rc8 17. Rac1 Re8 18. Be3 a6 19. Bd4 b6 20. f4 Nc5 21. Nxc5 bxc5 22. Bc3 Qd7 23. Bd3 Rb8 24. Re2 Qa4 25. b3 Qd7 26. Rf1 Rb7 27. f5 g5 28. h4 g4 29. g3 Rg8 30. Kh2 h5 31. Rfe1 Bh6 32. Qc2 Bg7 33. Bd2 Qc7 34. Bg5 Qd8 35. Re3 Rd7 36. Qe2 Re8 37. Re6 fxe6 38. fxe6+ Kg8 39. exd7 Qxd7 40. Bc2 Qd8 41. Qd3 Rf8 42. Rf1 1-0

[Event "Swiss Queens Wed #6"]
[Site "FIDE Online Arena INT"]
[Date "2024.03.06"]
[Round "8"]
[White "Ismayil, Malak"]
[Black "Hrebenshchykova, Yelyzaveta"]
[Result "1-0"]
[WhiteElo "2200"]
[BlackElo "2288"]
[PlyCount "93"]
[EventDate "2024.03.06"]
[EventType "swiss (blitz)"]
[EventRounds "11"]
[EventCountry "NET"]
[SourceTitle "CB11_2024"]
[SourceDate "2024.03.13"]
[SourceVersion "1"]
[SourceVersionDate "2024.03.13"]
[SourceQuality "1"]

1. e4 c5 2. Nf3 e6 3. c3 d5 4. exd5 Qxd5 5. Be2 Nf6 6. 0-0 Nc6 7. d4 cxd4 8. cxd4 Be7 9. Nc3 Qd6 10. Nb5 Qd8 11. Bf4 Nd5 12. Bg3 a6 13. Nc3 0-0 14. Rc1 Nf6 15. Bd3 Nb4 16. Bb1 b5 17. a3 Nbd5 18. Ne5 Bb7 19. Re1 Rc8 20. Ne2 Rxc1 21. Qxc1 Qb6 22. Qd2 b4 23. a4 Rc8 24. Rc1 b3 25. Rxc8+ Bxc8 26. Qc1 Bb7 27. Qc4 g6 28. h4 Nh5 29. Qd3 Qa5 30. Kf1 Qxa4 31. Qf3 Nhf6 32. Qd3 Qa1 33. Nc4 Nb4 34. Qd1 Be4 35. Nc3 Bd5 36. Ne3 Qxb2 37. Na4 Qa1 38. Nxd5 Nfxd5 39. Qxb3 Bf6 40. Nc5 a5 41. Ne4 Bxd4 42. Bd6 a4 43. Qd1 Kg7 44. h5 a3 45. h6+ Kxh6 46. Bf8+ Bg7 47. Qc1+ 1-0

[Event "Swiss Queens Wed #5"]
[Site "FIDE Online Arena INT"]
[Date "2024.02.28"]
[Round "6"]
[White "Hrebenshchykova, Yelyzaveta"]
[Black "Vantika, Agrawal"]
[Result "0-1"]
[WhiteElo "2282"]
[BlackElo "2398"]
[PlyCount "72"]
[EventDate "2024.02.28"]
[EventType "swiss (blitz)"]
[EventRounds "11"]
[EventCountry "NET"]
[SourceTitle "CB10_2024"]
[SourceDate "2024.03.06"]
[SourceVersion "1"]
[SourceVersionDate "2024.03.06"]
[SourceQuality "1"]

1. e4 c5 2. Nf3 d6 3. d4 cxd4 4. Nxd4 Nf6 5. Nc3 a6 6. Be2 e5 7. Nf3 Be7 8. 0-0 0-0 9. a4 Be6 10. Ng5 Bd7 11. Bc4 h6 12. Nf3 Bc6 13. Qe2 Nbd7 14. Rd1 Qc7 15. Nd2 Rac8 16. f3 Nc5 17. Nf1 Ne6 18. Ne3 Nd4 19. Qf2 Bd8 20. b3 Qe7 21. Ba3 Bb6 22. a5 Bxa5 23. Bxd6 Qxd6 24. Rxa5 Qb4 25. Rxe5 Qxc3 26. Rc5 Qb4 27. Re5 Rfd8 28. h3 b5 29. Bf1 Qc3 30. Nd5 Nxf3+ 31. Qxf3 Qxe5 32. Nxf6+ Qxf6 33. Qxf6 gxf6 34. Re1 Rd4 35. Bd3 Rcd8 36. Kf2 a5 0-1

[Event "Swiss Queens Wed #4"]
[Site "FIDE Online Arena INT"]
[Date "2024.02.21"]
[Round "7"]
[White "Mahdian, Anousha"]
[Black "Hrebenshchykova, Yelyzaveta"]
[Result "0-1"]
[WhiteElo "2069"]
[BlackElo "2282"]
[PlyCount "92"]
[EventDate "2024.02.21"]
[EventType "swiss (blitz)"]
[EventRounds "11"]
[EventCountry "NET"]
[SourceTitle "CB09_2024"]
[SourceDate "2024.02.28"]
[SourceVersion "1"]
[SourceVersionDate "2024.02.28"]
[SourceQuality "1"]

1. d4 Nf6 2. c4 g6 3. Nc3 d5 4. cxd5 Nxd5 5. Bd2 Bg7 6. e4 Nxc3 7. Bxc3 0-0 8. h4 c5 9. d5 Bxc3+ 10. bxc3 e6 11. Bc4 exd5 12. Bxd5 Nc6 13. h5 Qf6 14. Qd2 Be6 15. hxg6 hxg6 16. Ne2 Rad8 17. Qh6 Qg7 18. Qxg7+ Kxg7 19. Bxe6 fxe6 20. 0-0 Rd2 21. Rfe1 Ne5 22. Rad1 Rfd8 23. Rxd2 Rxd2 24. Nf4 Kf6 25. Re2 Rd1+ 26. Kh2 g5 27. Nh3 Rd3 28. Re1 Rxc3 29. Rf1 Ng4+ 30. Kg1 e5 31. Rd1 Ra3 32. g3 Rxa2 33. Rd6+ Ke7 34. Rd5 c4 35. Nxg5 c3 36. Rc5 c2 37. Kg2 Nxf2 38. Rxe5+ Kd6 39. Nf3 c1Q 40. Rd5+ Kc6 41. Nd4+ Kc7 42. Ne6+ Kb6 43. Rd6+ Kb5 44. Rd5+ Kb4 45. Rd4+ Kb3 46. Rd5 Qh1# 0-1

[Event "Swiss Queens Wed #4"]
[Site "FIDE Online Arena INT"]
[Date "2024.02.21"]
[Round "3"]
[White "Mira, Helene"]
[Black "Hrebenshchykova, Yelyzaveta"]
[Result "0-1"]
[WhiteElo "2021"]
[BlackElo "2282"]
[PlyCount "84"]
[EventDate "2024.02.21"]
[EventType "swiss (blitz)"]
[EventRounds "11"]
[EventCountry "NET"]
[SourceTitle "CB09_2024"]
[SourceDate "2024.02.28"]
[SourceVersion "1"]
[SourceVersionDate "2024.02.28"]
[SourceQuality "1"]

1. d4 Nf6 2. c4 e6 3. Nf3 d5 4. e3 Be7 5. Bd3 0-0 6. 0-0 b6 7. b3 Bb7 8. Nbd2 c5 9. Bb2 cxd4 10. exd4 Nc6 11. Rc1 dxc4 12. Nxc4 Rc8 13. Qe2 b5 14. Nce5 a6 15. Rfd1 Nb4 16. Bb1 Nbd5 17. Rxc8 Qxc8 18. Rc1 Qa8 19. Qd2 h6 20. h3 Rc8 21. Rxc8+ Qxc8 22. Qc2 Qxc2 23. Bxc2 Nb4 24. Bb1 Nfd5 25. a3 Nc6 26. Kf1 f6 27. Nd7 Kf7 28. b4 Bc8 29. Nc5 Nb6 30. Ba2 Bd6 31. Nd2 Ke7 32. Nde4 Nc4 33. Bxc4 bxc4 34. Nxd6 Kxd6 35. Bc3 Kd5 36. Ke2 Nxd4+ 37. Kd2 e5 38. f3 Nb5 39. Bb2 c3+ 40. Bxc3 Nxa3 41. g4 Nc4+ 42. Kd3 Nd6 0-1

[Event "Swiss Queens Wed #3"]
[Site "FIDE Online Arena INT"]
[Date "2024.02.14"]
[Round "4"]
[White "Hrebenshchykova, Yelyzaveta"]
[Black "Foisor, Sabina Francesca"]
[Result "1-0"]
[WhiteElo "2282"]
[BlackElo "2206"]
[PlyCount "71"]
[EventDate "2024.02.14"]
[EventType "swiss (blitz)"]
[EventRounds "11"]
[EventCountry "NET"]
[SourceTitle "CB08_2024"]
[SourceDate "2024.02.21"]
[SourceVersion "1"]
[SourceVersionDate "2024.02.21"]
[SourceQuality "1"]

1. e4 c6 2. d4 d5 3. e5 Bf5 4. h4 h5 5. Bd3 Bxd3 6. Qxd3 e6 7. Bg5 Be7 8. Nf3 Qa5+ 9. Nbd2 Qa6 10. c4 c5 11. 0-0 Nc6 12. Bxe7 Ngxe7 13. dxc5 Ng6 14. Rfe1 0-0 15. b3 Rac8 16. Qe3 Rfd8 17. Qg5 Nb4 18. Re2 dxc4 19. Nxc4 Rd5 20. Re4 Rcxc5 21. Qxh5 Qc6 22. Ng5 Nd3 23. Qh7+ Kf8 24. h5 Ne7 25. Qh8+ Ng8 26. Nh7+ Ke7 27. Qxg8 Nxe5 28. Qxg7 Nxc4 29. bxc4 Rxc4 30. Qf8+ Kd7 31. Qxf7+ Kd8 32. Rxe6 Rc1+ 33. Rxc1 Qxc1+ 34. Kh2 Rd7 35. Qf6+ Kc7 36. Ng5 1-0

[Event "Swiss Queens Wed #3"]
[Site "FIDE Online Arena INT"]
[Date "2024.02.14"]
[Round "6"]
[White "Hrebenshchykova, Yelyzaveta"]
[Black "Kosteniuk, Alexandra"]
[Result "0-1"]
[WhiteElo "2282"]
[BlackElo "2501"]
[PlyCount "152"]
[EventDate "2024.02.14"]
[EventType "swiss (blitz)"]
[EventRounds "11"]
[EventCountry "NET"]
[SourceTitle "CB08_2024"]
[SourceDate "2024.02.21"]
[SourceVersion "1"]
[SourceVersionDate "2024.02.21"]
[SourceQuality "1"]

1. e4 c6 2. d4 d5 3. e5 c5 4. dxc5 e6 5. a3 Bxc5 6. b4 Be7 7. Qg4 g5 8. h4 h5 9. Qg3 g4 10. Bd3 Qc7 11. Ne2 Nc6 12. Bb2 Nh6 13. Nd2 Bd7 14. c4 Rg8 15. Rc1 d4 16. Nxd4 Nxd4 17. Bxd4 Nf5 18. Bxf5 exf5 19. e6 Bd6 20. exd7+ Kxd7 21. Qc3 Rae8+ 22. Kd1 Qc6 23. c5 Bf4 24. Be3 Bxe3 25. fxe3 Qxg2 26. Kc2 Kc7 27. Kb1 Re6 28. Nc4 Qe4+ 29. Ka1 g3 30. Rhd1 g2 31. Qd2 Kb8 32. Rg1 Reg6 33. Qd7 Qe6 34. Qd4 Rg4 35. Qe5+ Qxe5+ 36. Nxe5 Rxh4 37. Nxf7 Re4 38. Nd6 Rxe3 39. Nxf5 Rxa3+ 40. Kb2 Rf3 41. Nh4 Rf4 42. Nxg2 Rxb4+ 43. Kc3 Rbg4 44. Rc2 h4 45. Rh1 Rg3+ 46. Kb2 Rxg2 47. Rxh4 Rxc2+ 48. Kxc2 Kc7 49. Rh5 Rg3 50. Kb2 Kc6 51. Kc2 Ra3 52. Kb2 Ra5 53. Kb3 Rxc5 54. Rh6+ Kb5 55. Rh7 Kb6 56. Rh6+ Rc6 57. Rh7 a5 58. Ka4 Rc4+ 59. Kb3 Rc6 60. Ka4 Ka6 61. Rh5 b5+ 62. Kb3 a4+ 63. Kb4 Rc4+ 64. Ka3 Ka5 65. Rg5 Rf4 66. Rh5 Rd4 67. Rg5 Rd3+ 68. Kb2 Kb4 69. Rg4+ Kc5 70. Rg5+ Rd5 71. Rg4 Rd4 72. Rg5+ Kc4 73. Rg8 Rd2+ 74. Kc1 Rh2 75. Re8 a3 76. Rc8+ Kb3 0-1

[Event "Swiss Queens Wed #3"]
[Site "FIDE Online Arena INT"]
[Date "2024.02.14"]
[Round "7"]
[White "Kaldarova, Ayaulym"]
[Black "Hrebenshchykova, Yelyzaveta"]
[Result "0-1"]
[WhiteElo "2110"]
[BlackElo "2282"]
[PlyCount "80"]
[EventDate "2024.02.14"]
[EventType "swiss (blitz)"]
[EventRounds "11"]
[EventCountry "NET"]
[SourceTitle "CB08_2024"]
[SourceDate "2024.02.21"]
[SourceVersion "1"]
[SourceVersionDate "2024.02.21"]
[SourceQuality "1"]

1. Nf3 Nf6 2. c4 g6 3. Nc3 Bg7 4. g3 0-0 5. Bg2 d5 6. cxd5 Nxd5 7. 0-0 c5 8. Nxd5 Qxd5 9. d4 cxd4 10. Be3 Qh5 11. Nxd4 e5 12. Nb3 Nc6 13. Nc5 Bh3 14. Qb3 Bxg2 15. Kxg2 Qxe2 16. Qxb7 Nd4 17. Rfe1 Qh5 18. Nd7 Rfd8 19. Bxd4 exd4 20. Re7 Qf5 21. Rae1 d3 22. Rd1 Rac8 23. Qxa7 Qd5+ 24. Kg1 d2 25. Nb6 Rc1 26. Nxd5 Rxd1+ 27. Kg2 Rg1+ 28. Kxg1 d1Q+ 29. Kg2 Qxd5+ 30. Kh3 h5 31. Qc7 Qf5+ 32. Kg2 Rd1 33. Qf4 Qd5+ 34. Qf3 Rg1+ 35. Kxg1 Qxf3 36. Re3 Qd5 37. b3 Bd4 38. Re8+ Kg7 39. Re2 Qf3 40. Kf1 Qh1# 0-1

[Event "Titled Tuesday intern op 13th Feb Late"]
[Site "Chess.com INT"]
[Date "2024.02.13"]
[Round "3"]
[White "Aldokhin, Ivan"]
[Black "Hrebenshchykova, Yelyzaveta"]
[Result "0-1"]
[WhiteElo "2413"]
[BlackElo "2282"]
[PlyCount "104"]
[EventDate "2024.02.13"]
[EventType "swiss (blitz)"]
[EventRounds "11"]
[EventCountry "USA"]
[SourceTitle "CB08_2024"]
[SourceDate "2024.02.21"]
[SourceVersion "1"]
[SourceVersionDate "2024.02.21"]
[SourceQuality "1"]

1. e4 c5 2. Nf3 e6 3. d4 cxd4 4. Nxd4 Nc6 5. Nc3 d6 6. g4 Nge7 7. Bg2 Nxd4 8. Qxd4 Nc6 9. Qe3 Be7 10. b3 0-0 11. Bb2 e5 12. h4 Nd4 13. 0-0-0 Bxg4 14. Nd5 Bxd1 15. Kxd1 Rc8 16. Bxd4 exd4 17. Qxd4 Bf6 18. Qd2 Re8 19. h5 h6 20. Rg1 Kh8 21. Bh3 Rc6 22. f3 Re5 23. Bg4 b5 24. Qd3 Rc5 25. f4 Re8 26. Bf3 a5 27. Rg2 b4 28. Qa6 Bc3 29. Qd3 Qh4 30. Rg1 Rxd5 31. Qxd5 Qxf4 32. Rf1 Qe3 33. Qd3 Qg5 34. Be2 Kg8 35. Rf5 Qg1+ 36. Rf1 Qg5 37. Rf5 Qg1+ 38. Rf1 Qd4 39. Qxd4 Bxd4 40. Bd3 Re5 41. Bc4 Kh7 42. Rxf7 Rxh5 43. Bd3 Re5 44. Rd7 Bc5 45. Ke2 h5 46. Kf3 Kh6 47. Rf7 g5 48. Bc4 g4+ 49. Kf4 Re8 50. Rf6+ Kg7 51. Rf7+ Kg6 52. Kg3 Re5 0-1

[Event "Titled Tuesday intern op 13th Feb Early"]
[Site "Chess.com INT"]
[Date "2024.02.13"]
[Round "2"]
[White "Chirivi Castiblanco, Jenny Astrid"]
[Black "Hrebenshchykova, Yelyzaveta"]
[Result "0-1"]
[WhiteElo "2113"]
[BlackElo "2282"]
[PlyCount "130"]
[EventDate "2024.02.13"]
[EventType "swiss (blitz)"]
[EventRounds "11"]
[EventCountry "USA"]
[SourceTitle "CB08_2024"]
[SourceDate "2024.02.21"]
[SourceVersion "1"]
[SourceVersionDate "2024.02.21"]
[SourceQuality "1"]

1. d4 Nf6 2. c4 g6 3. Nc3 d5 4. Nf3 Bg7 5. Qb3 dxc4 6. Qxc4 a6 7. e4 b5 8. Qb3 Bb7 9. e5 Nd5 10. a4 Nxc3 11. bxc3 Bd5 12. Qb2 bxa4 13. Rxa4 0-0 14. Be2 c5 15. 0-0 Nc6 16. Be3 Rb8 17. Qa1 cxd4 18. cxd4 Nb4 19. Rc1 f6 20. Qc3 Na2 21. Rxa2 Bxa2 22. Bxa6 Bd5 23. Bc4 Kh8 24. Bxd5 Qxd5 25. h3 fxe5 26. dxe5 Rbd8 27. Bg5 Qe6 28. Qc7 Rc8 29. Qa5 Rxc1+ 30. Bxc1 h6 31. Be3 Kh7 32. Qb5 Rd8 33. Qa4 Qd5 34. Qf4 Rf8 35. Qh4 Rf5 36. Qxe7 Qd1+ 37. Kh2 Qd5 38. Qh4 Kg8 39. Qe7 Rf7 40. Qe8+ Rf8 41. Qe7 Qf7 42. Qxf7+ Kxf7 43. Bc5 Re8 44. Bd6 Ke6 45. g4 g5 46. Kg3 Kd5 47. Kg2 Rc8 48. Kf1 Ke4 49. Ke2 Rc2+ 50. Nd2+ Kd5 51. f3 Bxe5 52. Kd3 Ra2 53. Bxe5 Kxe5 54. Nc4+ Kf4 55. Nd6 Kxf3 56. Nf7 Kg3 57. Nxh6 Kxh3 58. Nf7 Kxg4 59. Ke4 Ra4+ 60. Ke3 Kf5 61. Nh6+ Kg6 62. Ng8 Ra7 63. Kf3 Kg7 64. Kg4 Kxg8 65. Kxg5 Kg7 0-1